| 000 | 00597cam a2200241ua 4500 | ||
|---|---|---|---|
| 020 | _cRs.2.50 | ||
| 041 |
_aeng _h |
||
| 082 |
_a530 _bOUS/TE |
||
| 100 | _aOuseph, C.C . | ||
| 245 |
_aText book of practical physics for the pre-degree course / _cC.C Ouseph. _hTextual Documents |
||
| 250 |
_a1 / _b. |
||
| 260 |
_a : _bAnanthan Viswanathan , _c1964. |
||
| 300 | _a200 ; . | ||
| 365 | _aRs.2.50 | ||
| 504 | _a | ||
| 650 | _aHeat | ||
| 650 | _aMechanics | ||
| 700 | 1 | _aDevassy, C.P . | |
| 700 | 1 | _aThomas, S.L . | |
| 942 | _cBK | ||
| 999 |
_c130 _d130 |
||